00634npc a2200181Ia 4500001002300000003001000023008004100033040002500074041000700099100001100106240003500117245014800152250001100300260004100311300001200352500007400364650001400438cde3-1018 [d000000952]IT-MiCISF161014s9999||||xx | und|| aIT-MiCISFcIT-MiCISF aen aAA.VV. aEquality between Women and Men 0aEquality between Women and MenbHistorical Development and Descriptive Analysis of National Machinery Set up in Member of the Council of Europe a1a ed. a StrasburgobCouncil of Europec1982 app. 114 aCouncil of Europe / uomo, donna, rapporti-uomo-donna, comparazione /  asocietà